000 01459nam a22002537a 4500
003 Uzh_bibl
008 260325b |||||||| |||| 00| 0 ukr d
020 _a978-966-97798-8-5
_c100.00
040 _bукр.
041 _2ukr
_aukr
080 _a821(477)
090 _a821(477)
_bБ 90
100 _aБуділова,Галина
245 _aТроль, Позачас і магічний годинник
_cілюстраторка К. Ковтуненко
_hТекст
260 _aДрогобич
_bКоло
_c2023
300 _a40 с.
_bіл.
_fВ опр.
520 _a«Троль, Позачас і магічний годинник» Галини Буділової (2023) — це повчальна українська дитяча книга про помічників Святого Миколая та хоробрих героїв. Історія розповідає про знайомство дітей із Мироном, який має протези після війни, навчаючи важливим цінностям. Книга видана з кольоровими ілюстраціями Катерини Ковтуненко.
521 _aДля молодшого шкільного віку
546 _aукр.
650 _aЛітературно-художне видання
653 _aТроль
_aСвятий Миколай
655 _aДитяча література
942 _2udc
_cBK
999 _c17194
_d17194